Statistics for Identifying Animals and Earth Part 4

Click here to take the quiz!

General Stats

  • This quiz has been taken 12 times
  • The average score is 15 of 16

Answer Stats

Answer% Correct
Alligator
100%
Cow
100%
Deer
100%
Dolphin
100%
Giraffe
100%
Penguin
100%
Rabbit
100%
Tiger
100%
Badger
91%
Lobster
91%
Swan
91%
Whale
91%
Moose
82%
Salamander
82%
Toucan
82%
Newt
55%

Score Distribution

Percentile by Number Answered

Percent of People with Each Score

Your Score History

You have not taken this quiz